[Event "IV Open Citta di Castellaneta"]
[Site "Castellaneta (TA)"]
[Date "2000.08.29"]
[Round "1"]
[White "Alaimo, Riccardo"]
[Black "Dragojlovic, Andjelko"]
[Result "1/2-1/2"]
[WhiteElo "2089"]
[BlackElo "2395"]
[PlyCount "107"]
[EventDate "2000.08.??"]

1. e4 c5 2. Nc3 g6 3. f4 Bg7 4. Nf3 d6 5. Bc4 Nc6 6. O-O e6 7. f5 exf5 8. d3 h6
9. Qe1 Nge7 10. Qg3 a6 11. a4 g5 12. Kh1 Ne5 13. Nxe5 Bxe5 14. Qe1 f4 15. g3
Ng6 16. Ne2 Bh3 17. Rf2 Qf6 18. c3 f3 19. Be3 Bg2+ 20. Kg1 Qe7 21. Nc1 O-O 22.
Nb3 Bg7 23. Nd2 g4 24. Bb3 Kh8 25. Nc4 f5 26. Nb6 Rae8 27. Nd5 Qd8 28. Qd2 Kh7
29. exf5 Rxf5 30. d4 cxd4 31. Bxd4 Bxd4 32. cxd4 Qg5 33. Qxg5 hxg5 34. Rc1 Kh6
35. a5 Rff8 36. Rfc2 Re4 37. Rd1 Bh3 38. Kf2 Rfe8 39. Bc4 Rc8 40. b3 Nf8 41.
Nf6 Re6 42. Nd5 Nd7 43. Ne3 Ree8 44. Nf5+ Kg6 45. Nxd6 Re2+ 46. Rxe2 fxe2 47.
Kxe2 Rc7 48. Bd3+ Kh5 49. Kd2 Rc6 50. Nf5 Bg2 51. Re1 Nf8 52. Re7 Rf6 53. Ng7+
Kh6 54. Nf5+ 1/2-1/2

[Event "IV Open Citta di Castellaneta"]
[Site "Castellaneta (TA)"]
[Date "2000.08.29"]
[Round "1"]
[White "Aleksic, Nenad"]
[Black "Piscopo, Pierluigi"]
[Result "1-0"]
[WhiteElo "2407"]
[BlackElo "2134"]
[PlyCount "92"]
[EventDate "2000.08.??"]

1. e4 c5 2. Nf3 Nc6 3. d4 cxd4 4. Nxd4 Nf6 5. Nc3 e5 6. Ndb5 d6 7. Bg5 a6 8.
Na3 b5 9. Bxf6 gxf6 10. Nd5 f5 11. g3 Bg7 12. Bg2 Ra7 13. c3 O-O 14. exf5 Bxf5
15. O-O Be6 16. Nc2 f5 17. a4 Qb8 18. Ncb4 Nxb4 19. Nxb4 Bd7 20. Qd5+ Kh8 21.
axb5 Bxb5 22. Rfd1 Rf6 23. c4 Be8 24. Qd2 e4 25. Rxa6 Rxa6 26. Nxa6 Qc8 27. Nb4
Qxc4 28. Nd5 Rf8 29. Ne3 Qb3 30. Qxd6 Qxb2 31. Qe7 Qa2 32. Rd8 Qg8 33. Rb8 Bg6
34. Rxf8 Bxf8 35. Qg5 Qe6 36. Bh3 Be7 37. Qf4 Bd6 38. Bxf5 Bxf4 39. Bxe6 Bxe3
40. fxe3 Kg7 41. Kf2 Kf6 42. Bd7 Ke5 43. g4 Bf7 44. Kg3 h6 45. Kh4 Kf6 46. Bc6
Bg6 1-0

[Event "IV Open Citta di Castellaneta"]
[Site "Castellaneta (TA)"]
[Date "2000.08.29"]
[Round "1"]
[White "Artizzu, Giulio"]
[Black "Sibilio, Mario"]
[Result "0-1"]
[WhiteElo "2095"]
[BlackElo "2381"]
[PlyCount "48"]
[EventDate "2000.08.??"]

1. e4 g6 2. d4 Bg7 3. Nf3 d6 4. Bc4 Nf6 5. Nc3 O-O 6. Bb3 Nc6 7. h3 e6 8. O-O
a6 9. a4 b6 10. Bg5 h6 11. Bh4 g5 12. Bg3 Bb7 13. Re1 Ne7 14. Qd2 Ng6 15. Rad1
Nh5 16. Bh2 Nhf4 17. Bxf4 Nxf4 18. h4 Qf6 19. hxg5 hxg5 20. Nh2 Qg6 21. Qe3 c5
22. dxc5 dxc5 23. Rd6 Bd4 24. Qg3 Be5 0-1

[Event "IV Open Citta di Castellaneta"]
[Site "Castellaneta (TA)"]
[Date "2000.08.29"]
[Round "1"]
[White "Ausmins, Elmar"]
[Black "Ferri, Stefano"]
[Result "1-0"]
[WhiteElo "2324"]
[BlackElo "2089"]
[PlyCount "55"]
[EventDate "2000.08.??"]

1. d4 d5 2. Nf3 Nf6 3. c4 g6 4. cxd5 Nxd5 5. Nc3 Nb6 6. e4 Bg7 7. h3 O-O 8. Be2
c6 9. O-O Re8 10. a4 a5 11. Be3 Na6 12. Qd2 Be6 13. b3 Bxb3 14. Rfb1 Nc4 15.
Qc1 Nxe3 16. Rxb3 c5 17. fxe3 cxd4 18. exd4 Bxd4+ 19. Nxd4 Qxd4+ 20. Kh1 Nc5
21. Rba3 Rec8 22. Qd1 Qb4 23. Nd5 Qxe4 24. Re3 Qh4 25. Nxe7+ Kg7 26. Nxc8 Rxc8
27. Qe1 Qd4 28. Qc3 1-0

[Event "IV Open Citta di Castellaneta"]
[Site "Castellaneta (TA)"]
[Date "2000.08.29"]
[Round "1"]
[White "Benedetti, Fabrizio"]
[Black "Ariete, Gerardo"]
[Result "1-0"]
[WhiteElo "2238"]
[BlackElo "1933"]
[PlyCount "61"]
[EventDate "2000.08.??"]

1. e4 c6 2. d4 d5 3. e5 Bf5 4. Ne2 e6 5. Ng3 Bg6 6. Bd3 Nd7 7. O-O Ne7 8. f4
Bxd3 9. Qxd3 g6 10. b3 c5 11. c3 Nc6 12. Be3 Rc8 13. a3 Qa5 14. Nd2 Be7 15. Kh1
cxd4 16. b4 Qb6 17. cxd4 O-O 18. f5 exf5 19. Rxf5 Nd8 20. Bg5 Bxg5 21. Rxg5 Ne6
22. Rg4 Ng7 23. Rf4 Rc6 24. Nb3 Ne6 25. Rh4 Rc4 26. Nf5 Nxe5 27. Ne7+ Kg7 28.
Qe3 g5 29. Qxe5+ f6 30. Rxh7+ Kxh7 31. Qf5+ 1-0

[Event "IV Open Citta di Castellaneta"]
[Site "Castellaneta (TA)"]
[Date "2000.08.29"]
[Round "1"]
[White "Bratanov, Zsivko"]
[Black "Cucinella, Vincenzo"]
[Result "1-0"]
[WhiteElo "2400"]
[BlackElo "2116"]
[PlyCount "83"]
[EventDate "2000.08.??"]

1. d4 Nf6 2. c4 d6 3. Nc3 g6 4. e4 Bg7 5. h3 O-O 6. Bg5 c5 7. d5 a6 8. Nf3 b5
9. Bd3 Nbd7 10. O-O Nb6 11. cxb5 axb5 12. Bxb5 Ba6 13. a4 Nfd7 14. Qe2 Bxb5 15.
axb5 h6 16. Bh4 g5 17. Bg3 Qc7 18. Nh2 c4 19. h4 gxh4 20. Bxh4 Ne5 21. Rxa8
Rxa8 22. Qh5 Ng6 23. Bg3 Nd7 24. Ng4 Kh7 25. f4 Nf6 26. Nxf6+ exf6 27. Qf5 Kg8
28. Bf2 Ne7 29. Qh5 Ng6 30. Bd4 Qe7 31. Qe2 Rc8 32. Ra1 f5 33. Bxg7 Kxg7 34.
Qe3 Qf6 35. exf5 Qxf5 36. Qd4+ Kf8 37. Rf1 Qg4 38. b6 Nh4 39. Qf2 Re8 40. b7
Nf5 41. Re1 Rd8 42. Ra1 1-0

[Event "IV Open Citta di Castellaneta"]
[Site "Castellaneta (TA)"]
[Date "2000.08.29"]
[Round "1"]
[White "Campanile, Roberto"]
[Black "Miezis, Normunds"]
[Result "0-1"]
[WhiteElo "2173"]
[BlackElo "2518"]
[PlyCount "86"]
[EventDate "2000.08.??"]

1. d4 Nf6 2. c4 c5 3. d5 e6 4. Nc3 exd5 5. cxd5 Bd6 6. Nf3 Bc7 7. e4 d6 8. Be2
a6 9. a4 O-O 10. O-O Re8 11. Nd2 Nbd7 12. f3 Ne5 13. Nc4 Ng6 14. a5 Ne5 15.
Nxe5 Rxe5 16. Qa4 Bd7 17. Qa3 Re8 18. Bg5 h6 19. Bh4 g5 20. Bf2 Nh5 21. Rfe1
Nf4 22. Bf1 Qf6 23. b4 Rac8 24. Rac1 h5 25. Na4 h4 26. Nb6 Bxb6 27. axb6 c4 28.
Qc3 Qg6 29. h3 Bb5 30. Bd4 Kh7 31. Qd2 f6 32. Rc3 f5 33. Rce3 fxe4 34. Rxe4
Rxe4 35. Rxe4 Re8 36. Rxe8 Qxe8 37. Bc3 Kg6 38. Kf2 Qe7 39. Qd4 Qe5 40. Qe4+
Qf5 41. Qd4 Qf7 42. g3 hxg3+ 43. Kxg3 Nxd5 0-1

[Event "IV Open Citta di Castellaneta"]
[Site "Castellaneta (TA)"]
[Date "2000.08.29"]
[Round "1"]
[White "Capone, Vincenzo"]
[Black "Chatalbashev, Boris"]
[Result "0-1"]
[WhiteElo "2165"]
[BlackElo "2494"]
[PlyCount "98"]
[EventDate "2000.08.??"]

1. e4 g6 2. d4 Bg7 3. c3 d6 4. Bd3 Nf6 5. f4 O-O 6. Nf3 c5 7. dxc5 Nbd7 8. cxd6
exd6 9. O-O Nc5 10. Be3 Nfxe4 11. Bxe4 Nxe4 12. Nbd2 d5 13. Nb3 Re8 14. Qd3 Bf5
15. Nbd4 Nc5 16. Qd2 Bd3 17. Rfe1 Be4 18. Re2 Rc8 19. Ne1 a6 20. Nb3 Na4 21.
Bd4 Bh6 22. Nd3 Nb6 23. Ne5 f6 24. Ng4 Bg7 25. Qe1 Nc4 26. Qh4 Rf8 27. Nc5 Qe7
28. Nxe4 dxe4 29. Rae1 Nd6 30. Ne3 Qe6 31. b3 f5 32. Bxg7 Kxg7 33. c4 b5 34.
Rd2 bxc4 35. Red1 Rc6 36. bxc4 Rf7 37. c5 Nb7 38. Nc2 Rxc5 39. Qf2 Qf6 40. Ne3
Qc6 41. Nd5 Rc4 42. Rb2 Rd7 43. Rb6 Rxd5 44. Qb2+ Kh6 45. Rxc6 Rxd1+ 46. Kf2
Rxc6 47. Qxb7 Rc2+ 48. Kg3 Rd3+ 49. Kh4 Rxg2 0-1

[Event "IV Open Citta di Castellaneta"]
[Site "Castellaneta (TA)"]
[Date "2000.08.29"]
[Round "1"]
[White "Cetkovic, Sergio"]
[Black "Savchenko, Stanislav"]
[Result "0-1"]
[WhiteElo "2192"]
[BlackElo "2579"]
[PlyCount "50"]
[EventDate "2000.08.??"]

1. e4 c5 2. Nf3 d6 3. Bb5+ Bd7 4. Bxd7+ Qxd7 5. Nc3 Nc6 6. d4 cxd4 7. Nxd4 g6
8. Nxc6 bxc6 9. Qd4 Nf6 10. O-O Bg7 11. e5 dxe5 12. Qxe5 O-O 13. Qc5 Rfd8 14.
Be3 Nd5 15. Rad1 Qb7 16. Na4 Rd6 17. c4 Nxe3 18. Qxe3 Rad8 19. Rxd6 Rxd6 20. b3
Bd4 21. Qe4 Qd7 22. Re1 Rf6 23. Rf1 Bxf2+ 24. Kh1 Be3 25. Rb1 Qd2 0-1

[Event "IV Open Citta di Castellaneta"]
[Site "Castellaneta (TA)"]
[Date "2000.08.29"]
[Round "1"]
[White "Collutiis, Duilio"]
[Black "Pulito, Alberto"]
[Result "1/2-1/2"]
[WhiteElo "2286"]
[BlackElo "2086"]
[PlyCount "56"]
[EventDate "2000.08.??"]

1. e4 e6 2. d4 d5 3. e5 c5 4. Qg4 Nc6 5. Nf3 Qc7 6. Bd3 Bd7 7. O-O O-O-O 8. Re1
f6 9. c3 cxd4 10. Qg3 fxe5 11. Nxe5 Nxe5 12. Bf4 Bd6 13. Bxe5 Bxe5 14. Rxe5 Ne7
15. f4 Qb6 16. Qf2 Nc6 17. Re1 e5 18. cxd4 e4 19. Bf1 Qxd4 20. Qxd4 Nxd4 21.
Rd1 Ne6 22. Rxd5 Nxf4 23. Rc5+ Bc6 24. Nc3 Kb8 25. b4 Nd3 26. Rc4 Nb2 27. Rc5
Nd3 28. Rc4 Nb2 1/2-1/2

[Event "IV Open Citta di Castellaneta"]
[Site "Castellaneta (TA)"]
[Date "2000.08.29"]
[Round "1"]
[White "De Vita, Igor"]
[Black "Naumkin, Igor"]
[Result "0-1"]
[WhiteElo "2141"]
[BlackElo "2440"]
[PlyCount "80"]
[EventDate "2000.08.??"]

1. e4 e6 2. d4 d5 3. exd5 exd5 4. Nf3 Bd6 5. Bd3 Ne7 6. Bg5 Nbc6 7. c3 Bg4 8.
Nbd2 Qd7 9. Qc2 Nd8 10. O-O f6 11. Bh4 Nf7 12. Rfe1 g5 13. Bg3 O-O-O 14. c4
Bxg3 15. hxg3 h5 16. Nf1 Kb8 17. N3h2 Nc6 18. cxd5 Nb4 19. Qb3 Nxd3 20. Qxd3
Qxd5 21. Nxg4 hxg4 22. Ne3 Qxd4 23. Qxd4 Rxd4 24. Red1 Rxd1+ 25. Rxd1 Ne5 26.
Rd4 b5 27. b4 Kb7 28. Nxg4 c5 29. bxc5 Nxg4 30. Rxg4 Rc8 31. Rb4 Rxc5 32. g4 a5
33. Rb2 Kb6 34. f3 b4 35. Kf2 Re5 36. a3 Kb5 37. axb4 a4 38. g3 a3 39. Rb3 Ka4
40. Rb1 a2 0-1

[Event "IV Open Citta di Castellaneta"]
[Site "Castellaneta (TA)"]
[Date "2000.08.29"]
[Round "1"]
[White "Esposito, Luca"]
[Black "Efimov, Igor"]
[Result "0-1"]
[WhiteElo "2175"]
[BlackElo "2541"]
[PlyCount "40"]
[EventDate "2000.08.??"]

1. c4 e6 2. d4 c5 3. Nf3 cxd4 4. Nxd4 Nf6 5. Nc3 Bb4 6. g3 O-O 7. Bg2 d5 8. Qb3
Bxc3+ 9. bxc3 e5 10. Nc2 dxc4 11. Qxc4 Be6 12. Qa4 Bd5 13. e4 Bc6 14. Qc4 Qd7
15. Qe2 Rc8 16. f3 Bb5 17. Qe3 Na6 18. a4 Bxa4 19. Bh3 Qxh3 20. Rxa4 Qg2 0-1

[Event "IV Open Citta di Castellaneta"]
[Site "Castellaneta (TA)"]
[Date "2000.08.29"]
[Round "1"]
[White "Falbo, Sandro"]
[Black "Passerotti, Pierluigi"]
[Result "0-1"]
[WhiteElo "2078"]
[BlackElo "2265"]
[PlyCount "89"]
[EventDate "2000.08.??"]

1. c4 e5 2. g3 f5 3. Bg2 Nf6 4. Nc3 Bb4 5. Qb3 Na6 6. a3 Be7 7. d3 O-O 8. Bg5
Nc5 9. Qc2 a5 10. Nf3 d6 11. O-O c6 12. b4 Ne6 13. Bxf6 Bxf6 14. e3 g5 15. b5
g4 16. Nd2 f4 17. bxc6 f3 18. Nxf3 gxf3 19. Bxf3 bxc6 20. Bxc6 Rb8 21. Rab1
Rxb1 22. Rxb1 Ng5 23. Qe2 Bf5 24. Bg2 Qc8 25. Nd5 Bd8 26. f3 Qc5 27. h4 Ne6 28.
Rb3 Qa7 29. Kh2 Nc5 30. Rc3 Qg7 31. Bh3 Kh8 32. Bxf5 Rxf5 33. f4 Rf8 34. Qh5
exf4 35. exf4 Bf6 36. Nxf6 Qxf6 37. Rc2 Nxd3 38. Qxa5 Re8 39. Qd5 Re3 40. Rg2
Ne1 41. Rf2 h6 42. c5 Qg7 43. g4 Rd3 44. Qe4 Qxg4 45. Qe8+ 0-1

[Event "IV Open Citta di Castellaneta"]
[Site "Castellaneta (TA)"]
[Date "2000.08.29"]
[Round "1"]
[White "Ferretti, Folco"]
[Black "Coratella, Giuseppe"]
[Result "1/2-1/2"]
[WhiteElo "2278"]
[BlackElo "2077"]
[PlyCount "94"]
[EventDate "2000.08.??"]

1. c4 Nf6 2. Nc3 g6 3. g3 Bg7 4. Bg2 O-O 5. e4 d6 6. Nge2 c5 7. O-O Nc6 8. d3
Rb8 9. a3 Bd7 10. Rb1 a6 11. b4 cxb4 12. axb4 b5 13. cxb5 axb5 14. h3 Ne8 15.
Be3 Nc7 16. d4 Na6 17. Na2 e6 18. Qd2 Qe7 19. f4 Rfe8 20. d5 exd5 21. Qxd5 Qe6
22. Qd2 Rbc8 23. Bf2 Qe7 24. Nd4 Nxd4 25. Bxd4 Bxd4+ 26. Qxd4 Be6 27. Rf2 Rc4
28. Qb6 Nc7 29. Rd1 Rd8 30. f5 Bc8 31. fxg6 hxg6 32. Rc1 Rxc1+ 33. Nxc1 d5 34.
Rc2 Na6 35. exd5 Nxb4 36. Re2 Qd7 37. d6 Re8 38. Qc5 Rxe2 39. Nxe2 Na6 40. Qd5
Nb4 41. Qe5 Qe6 42. Qxe6 Bxe6 43. Nd4 Bd7 44. Bf1 Kg7 45. Nxb5 Kf6 46. Nd4 Ke5
47. Bb5 Kxd6 1/2-1/2

[Event "IV Open Citta di Castellaneta"]
[Site "Castellaneta (TA)"]
[Date "2000.08.29"]
[Round "1"]
[White "Foisor, Cristina"]
[Black "Tommaselli, Giacomo"]
[Result "1-0"]
[WhiteElo "2386"]
[BlackElo "2102"]
[PlyCount "87"]
[EventDate "2000.08.??"]

1. Nf3 Nf6 2. g3 g6 3. b3 Bg7 4. Bb2 d6 5. d4 O-O 6. Bg2 Nbd7 7. O-O e5 8. dxe5
Ng4 9. c4 Ngxe5 10. Nc3 Nxf3+ 11. Bxf3 Ne5 12. Bg2 Re8 13. Qd2 Rb8 14. h3 Be6
15. f4 Nc6 16. Kh2 f5 17. Rfe1 Qd7 18. Rad1 Re7 19. e4 Rbe8 20. exf5 gxf5 21.
Na4 Bf7 22. Bxg7 Kxg7 23. Nc3 Qd8 24. Qf2 Rxe1 25. Rxe1 Rxe1 26. Qxe1 Qf6 27.
Nb5 Qd8 28. Qe3 a6 29. Nd4 Qf6 30. Ne2 Nd8 31. Bf3 Be6 32. Kg2 c6 33. Qb6 Kf8
34. a4 Ke7 35. a5 Bf7 36. Qc7+ Ke8 37. Kf2 Qe7 38. Qb6 Be6 39. Qd4 Kd7 40. Nc3
c5 41. Qh8 Nc6 42. Bxc6+ Kxc6 43. Nd5 Bxd5 44. Qc8+ 1-0

[Event "IV Open Citta di Castellaneta"]
[Site "Castellaneta (TA)"]
[Date "2000.08.29"]
[Round "1"]
[White "Galioto, Natale"]
[Black "Foisor, Ovidiu"]
[Result "0-1"]
[WhiteElo "2128"]
[BlackElo "2404"]
[PlyCount "88"]
[EventDate "2000.08.??"]

1. e4 e6 2. d4 d5 3. Nd2 Nf6 4. e5 Nfd7 5. Bd3 c5 6. c3 b6 7. Qg4 Ba6 8. Bxa6
Nxa6 9. a3 Nab8 10. Ne2 Nc6 11. Nf3 h5 12. Qg3 g6 13. Bg5 Be7 14. Nf4 Bxg5 15.
Nxg5 h4 16. Qg4 Ndxe5 17. dxe5 Nxe5 18. Nxf7 Nxg4 19. Nxd8 Rxd8 20. h3 Ne5 21.
O-O-O Ke7 22. Rhe1 Kd6 23. Nxe6 Kxe6 24. f4 Rh5 25. fxe5 Rf8 26. Rd2 Rff5 27.
Rde2 Rxe5 28. Kd2 Rhg5 29. Kc2 a5 30. Kb3 b5 31. a4 b4 32. cxb4 cxb4 33. Kc2
Rxe2+ 34. Rxe2+ Re5 35. Rf2 Re3 36. Kd2 Rb3 37. Re2+ Kd6 38. Kc2 Rg3 39. Kd2
Kc5 40. Kc2 Kc4 41. Rf2 g5 42. Re2 d4 43. Rf2 d3+ 44. Kb1 Kb3 0-1

[Event "IV Open Citta di Castellaneta"]
[Site "Castellaneta (TA)"]
[Date "2000.08.29"]
[Round "1"]
[White "Gardon, Ermanno"]
[Black "Ljubisavljevic, Zivojin"]
[Result "1/2-1/2"]
[WhiteElo "2081"]
[BlackElo "2282"]
[PlyCount "93"]
[EventDate "2000.08.??"]

1. Nf3 c5 2. g3 Nc6 3. Bg2 e5 4. d3 d5 5. Nbd2 f5 6. e4 fxe4 7. dxe4 d4 8. O-O
Nf6 9. Qe2 Bd6 10. Nc4 O-O 11. h3 Kh8 12. a4 Rb8 13. Bd2 b6 14. Ne1 Ba6 15. b3
Na5 16. Bxa5 bxa5 17. Nd3 Bxc4 18. bxc4 Nd7 19. Qd2 Bc7 20. Rab1 Qf6 21. c3 Qc6
22. cxd4 cxd4 23. Qc2 Nc5 24. Rb5 Nxd3 25. Qxd3 a6 26. Rxb8 Rxb8 27. Rb1 Qxa4
28. Rxb8+ Bxb8 29. Qb1 Qb4 30. Qxb4 axb4 31. Bf1 a5 32. c5 g5 33. Bc4 Kg7 34.
Kf1 Kf6 35. Ke2 Ke7 36. Bb3 Ba7 37. c6 Kd6 38. Ba4 b3 39. Kd3 Bb6 40. Bxb3 Kxc6
41. Kc4 d3 42. Ba4+ Kd6 43. f3 Bf2 44. g4 Bg3 45. Bd1 d2 46. Ba4 Bf4 47. Bd1
1/2-1/2

[Event "IV Open Citta di Castellaneta"]
[Site "Castellaneta (TA)"]
[Date "2000.08.29"]
[Round "1"]
[White "Genocchio, Daniele"]
[Black "Iordachescu, Viorel"]
[Result "0-1"]
[WhiteElo "2201"]
[BlackElo "2594"]
[PlyCount "44"]
[EventDate "2000.08.??"]

1. e4 g6 2. h4 d5 3. exd5 Nf6 4. h5 Nxh5 5. c4 c6 6. Rxh5 gxh5 7. Qxh5 Qd6 8.
Nc3 Qg6 9. Qd1 Na6 10. a3 Bg4 11. Nf3 Bg7 12. Be2 Qh5 13. dxc6 O-O 14. cxb7
Rab8 15. d4 Rxb7 16. Nb5 Nc7 17. Nxc7 Rxc7 18. Bf4 Rd7 19. Be3 Qh1+ 20. Bf1 e5
21. d5 e4 22. Bd4 exf3 0-1

[Event "IV Open Citta di Castellaneta"]
[Site "Castellaneta (TA)"]
[Date "2000.08.29"]
[Round "1"]
[White "Grigore, George"]
[Black "Gueci, Riccardo"]
[Result "1-0"]
[WhiteElo "2508"]
[BlackElo "2169"]
[PlyCount "97"]
[EventDate "2000.08.??"]

1. d4 d6 2. Nf3 Nf6 3. c4 Nbd7 4. Nc3 e5 5. e4 Be7 6. Be2 O-O 7. O-O h6 8. Re1
c6 9. Bf1 Nh7 10. Be3 Ng5 11. Nd2 Ne6 12. Nb3 Bg5 13. d5 cxd5 14. exd5 Nc7 15.
Bxg5 hxg5 16. Ne4 Nf6 17. Nxg5 Ng4 18. Qd2 f6 19. Nf3 f5 20. h3 e4 21. Nfd4 Ne5
22. Rac1 Qf6 23. Rc3 a5 24. f4 Nd7 25. Be2 a4 26. Na1 Nc5 27. Nac2 Bd7 28. Rf1
g6 29. Kh2 Rf7 30. b4 axb3 31. axb3 Ra2 32. Qe3 Rf8 33. b4 Na4 34. Ra3 Rxa3 35.
Qxa3 Ra8 36. Qb3 Kh7 37. Ra1 Qf8 38. Ne3 Qf6 39. Rd1 Nb6 40. Qb1 Ra3 41. Qc1
Ra2 42. Rd2 Rxd2 43. Qxd2 g5 44. Nec2 g4 45. hxg4 fxg4 46. Qe3 Qh4+ 47. Kg1 g3
48. Qxe4+ Kh8 49. Nf3 1-0

[Event "IV Open Citta di Castellaneta"]
[Site "Castellaneta (TA)"]
[Date "2000.08.29"]
[Round "1"]
[White "Indelicati, Giuseppe"]
[Black "Clemente, Giuseppe"]
[Result "1-0"]
[WhiteElo "2202"]
[BlackElo "1903"]
[PlyCount "47"]
[EventDate "2000.08.??"]

1. e4 c6 2. d4 d5 3. Nc3 dxe4 4. Nxe4 Bf5 5. Ng3 Bg6 6. h4 h6 7. f4 Qc7 8. Nf3
Nd7 9. h5 Bh7 10. Bd3 Bxd3 11. Qxd3 Ngf6 12. Bd2 e6 13. O-O-O a5 14. Ne5 Bb4
15. c3 Be7 16. Rde1 Nxe5 17. fxe5 Nd5 18. Rhf1 O-O 19. Ne4 Bh4 20. Re2 Be7 21.
Qg3 Kh8 22. Ref2 f5 23. Qg6 fxe4 24. Rf7 1-0

[Event "IV Open Citta di Castellaneta"]
[Site "Castellaneta (TA)"]
[Date "2000.08.29"]
[Round "1"]
[White "Lalic, Bogdan"]
[Black "Bentivegna, Francesco"]
[Result "1-0"]
[WhiteElo "2520"]
[BlackElo "2173"]
[PlyCount "115"]
[EventDate "2000.08.??"]

1. d4 Nf6 2. Nf3 c5 3. d5 e6 4. c4 b5 5. Bg5 Qa5+ 6. Qd2 Qxd2+ 7. Nfxd2 bxc4 8.
Bxf6 gxf6 9. Nc3 Na6 10. a3 Rb8 11. Nxc4 Nc7 12. e4 Ba6 13. O-O-O Rg8 14. g3
Nb5 15. Nxb5 Bxb5 16. b3 Bxc4 17. Bxc4 e5 18. Rd3 d6 19. Kc2 Ke7 20. Rc3 Bg7
21. Be2 Rb7 22. Bg4 Rgb8 23. Rb1 a5 24. Rc4 Ra7 25. Ra4 Rbb7 26. Rd1 Kd8 27.
Rd3 Ke7 28. Rf3 Rb8 29. Bf5 h6 30. Rc3 Rbb7 31. Bg4 Rb8 32. h4 Rbb7 33. Kd2 Rb8
34. Ke1 Kf8 35. Kf1 Ke7 36. Kg2 Kf8 37. Kh3 Ke7 38. Bd1 Rbb7 39. Kg4 Rb8 40.
Rcc4 Rbb7 41. Kf5 Kf8 42. b4 axb4 43. Rxa7 Rxa7 44. axb4 cxb4 45. Rxb4 Ke7 46.
Ba4 Ra8 47. Bc6 Rd8 48. Rb7+ Kf8 49. Ba4 Bh8 50. Bd1 Ke8 51. Bh5 Rd7 52. Bxf7+
Ke7 53. Rb8 Rd8 54. Rxd8 Kxd8 55. Ke6 Kc7 56. Bg6 Kd8 57. Kxd6 Bg7 58. Ke6 1-0

[Event "IV Open Citta di Castellaneta"]
[Site "Castellaneta (TA)"]
[Date "2000.08.29"]
[Round "1"]
[White "Martorelli, Antonio"]
[Black "Rotoni, Fabrizio"]
[Result "1-0"]
[WhiteElo "2272"]
[BlackElo "2095"]
[PlyCount "77"]
[EventDate "2000.08.??"]

1. e4 g6 2. d4 Bg7 3. Nc3 e6 4. Nf3 Ne7 5. Bf4 d6 6. Qd2 h6 7. O-O-O Nd7 8. h4
b6 9. Bc4 Bb7 10. Bb3 a6 11. Kb1 Nf6 12. Rhe1 d5 13. e5 Nd7 14. Nh2 Kf8 15. Ng4
Nf5 16. h5 g5 17. Bh2 Rc8 18. f4 c5 19. dxc5 Nxc5 20. Bg1 gxf4 21. Qxf4 Qg5 22.
Qb4 d4 23. Bxd4 Nxd4 24. Qxd4 Kg8 25. Nf6+ Bxf6 26. exf6 Kh7 27. Qd6 b5 28. Qe7
Qxh5 29. Bxe6 Nxe6 30. Qxb7 Nc5 31. Qa7 Rhd8 32. Rxd8 Rxd8 33. g4 Qxg4 34.
Qxf7+ Kh8 35. b3 Rg8 36. Qe7 Qc8 37. f7 Rf8 38. Qf6+ Kh7 39. Rg1 1-0

[Event "IV Open Citta di Castellaneta"]
[Site "Castellaneta (TA)"]
[Date "2000.08.29"]
[Round "1"]
[White "Mazzilli, Piero"]
[Black "Glek, Igor"]
[Result "1/2-1/2"]
[WhiteElo "2173"]
[BlackElo "2553"]
[PlyCount "76"]
[EventDate "2000.08.??"]

1. e4 e6 2. Nf3 d5 3. Nc3 d4 4. Ne2 c5 5. d3 Nc6 6. g3 Bd6 7. Bg2 Nge7 8. O-O
e5 9. Nd2 O-O 10. f4 exf4 11. gxf4 f5 12. Nf3 Bc7 13. e5 h6 14. c4 dxc3 15.
bxc3 Be6 16. Be3 c4 17. Nfd4 Bd5 18. Bxd5+ Qxd5 19. dxc4 Qxc4 20. Qb3 Na5 21.
Qxc4+ Nxc4 22. Bf2 Bb6 23. Rfd1 Kf7 24. Nb5 Rfd8 25. Bxb6 axb6 26. Kf2 g5 27.
Rd4 Rxd4 28. cxd4 Nd5 29. Rc1 Nce3 30. fxg5 hxg5 31. Nec3 f4 32. a4 Ke6 33. Rg1
Nxc3 34. Nxc3 Rh8 35. Rxg5 Rxh2+ 36. Kf3 Rh3+ 37. Kf2 Rh2+ 38. Kf3 Rh3+ 1/2-1/2

[Event "IV Open Citta di Castellaneta"]
[Site "Castellaneta (TA)"]
[Date "2000.08.29"]
[Round "1"]
[White "Mrdja, Milan"]
[Black "Verrascina, Nicola"]
[Result "1-0"]
[WhiteElo "2431"]
[BlackElo "2140"]
[PlyCount "101"]
[EventDate "2000.08.??"]

1. e4 c5 2. Nf3 Nc6 3. Bb5 Nf6 4. Bxc6 bxc6 5. e5 Nd5 6. O-O g6 7. c4 Nc7 8. d4
cxd4 9. Qxd4 Bg7 10. Qh4 Ne6 11. Nc3 O-O 12. Ng5 Nxg5 13. Bxg5 f6 14. exf6 exf6
15. Bh6 Rb8 16. Bxg7 Kxg7 17. b3 Re8 18. Rad1 Re5 19. Qd4 Qb6 20. Qd2 Qc5 21.
Rfe1 d5 22. Rxe5 fxe5 23. cxd5 Bg4 24. Re1 Qd4 25. Qe3 cxd5 26. Qxd4 exd4 27.
Nxd5 Rd8 28. Nb4 d3 29. f3 d2 30. Rd1 Bf5 31. Kf2 a5 32. g4 Bb1 33. Nc6 Rd6 34.
Nxa5 Bc2 35. Ke2 Bxd1+ 36. Kxd1 Rf6 37. Nc4 Rxf3 38. Nxd2 Rh3 39. a4 Rxh2 40.
a5 Rg2 41. Kc2 Rxg4 42. Kc3 Rf4 43. b4 h5 44. a6 h4 45. a7 Rf8 46. b5 h3 47.
Nf1 Rxf1 48. a8=Q h2 49. Qa7+ Kh6 50. Qe3+ Kg7 51. Qe5+ 1-0

[Event "IV Open Citta di Castellaneta"]
[Site "Castellaneta (TA)"]
[Date "2000.08.29"]
[Round "1"]
[White "Orlov, Andrey"]
[Black "Castrogiovanni, Carlo"]
[Result "1-0"]
[WhiteElo "2367"]
[BlackElo "2094"]
[PlyCount "85"]
[EventDate "2000.08.??"]

1. e4 c5 2. Nc3 Nc6 3. g3 g6 4. Bg2 Bg7 5. d3 Nf6 6. Be3 d6 7. h3 Bd7 8. Qd2 h6
9. Nge2 Qc8 10. a3 Rb8 11. Rb1 a5 12. a4 h5 13. Nf4 e5 14. Nfd5 Nxd5 15. Nxd5
b6 16. Bg5 Nd4 17. c3 Ne6 18. Be7 Bf8 19. Bf6 Bg7 20. f4 Bxf6 21. Nxf6+ Kf8 22.
O-O exf4 23. gxf4 Ng7 24. f5 gxf5 25. Qf4 Ne8 26. Nxe8 Kxe8 27. Qxd6 Rg8 28.
exf5 Rxg2+ 29. Kxg2 Qc6+ 30. Qxc6 Bxc6+ 31. Kg3 Ke7 32. f6+ Kd6 33. Kh4 Bxa4
34. Rbe1 Bd7 35. Re7 Be6 36. Re1 Rg8 37. R7xe6+ fxe6 38. Rf1 e5 39. f7 Rf8 40.
Kxh5 b5 41. Kg6 Ke6 42. Kg7 Ke7 43. Rf5 1-0

[Event "IV Open Citta di Castellaneta"]
[Site "Castellaneta (TA)"]
[Date "2000.08.29"]
[Round "1"]
[White "Palac, Mladen"]
[Black "Sardo, Gabriele"]
[Result "1-0"]
[WhiteElo "2573"]
[BlackElo "2189"]
[PlyCount "71"]
[EventDate "2000.08.??"]

1. d4 d5 2. c4 dxc4 3. e3 Nf6 4. Bxc4 e6 5. Nf3 a6 6. O-O c5 7. Bb3 Nc6 8. Qe2
Be7 9. Rd1 cxd4 10. Nc3 O-O 11. Nxd4 Nxd4 12. exd4 Nd5 13. Qf3 Nxc3 14. bxc3
Qc7 15. c4 Qc6 16. Qg3 Bd6 17. Qh4 e5 18. Bb2 Re8 19. c5 Be7 20. Qh5 Qf6 21.
Ba4 Rf8 22. Bc2 g6 23. Qh6 Bg4 24. dxe5 Qg5 25. Qxg5 Bxg5 26. Rd4 Be6 27. Be4
Rab8 28. Ra4 Rfc8 29. Bd4 Bd7 30. Rb4 Bc6 31. Bxc6 Rxc6 32. Rab1 Rd8 33. g3 Rd7
34. Kg2 Be7 35. Rxb7 Rxb7 36. Rxb7 *

[Event "IV Open Citta di Castellaneta"]
[Site "Castellaneta (TA)"]
[Date "2000.08.29"]
[Round "1"]
[White "Polushkina, Svetlana"]
[Black "Safranska, Anda"]
[Result "1-0"]
[WhiteElo "2092"]
[BlackElo "2337"]
[PlyCount "125"]
[EventDate "2000.08.??"]

1. d4 Nf6 2. Nf3 g6 3. Bg5 Bg7 4. c3 d6 5. Nbd2 c5 6. dxc5 dxc5 7. e4 O-O 8.
Bc4 Nc6 9. a4 Bg4 10. Qc2 Qc7 11. O-O Nh5 12. Be3 Rad8 13. Rfe1 b6 14. Bf1 h6
15. Rab1 Nb8 16. h3 Bc8 17. a5 e5 18. axb6 axb6 19. b4 Be6 20. bxc5 bxc5 21.
Rb5 Nd7 22. Nb3 Bxb3 23. Rxb3 Nf4 24. Reb1 Rb8 25. Nd2 Ne6 26. Bc4 Rxb3 27.
Rxb3 Re8 28. Qb2 Nd8 29. Bb5 Bf8 30. Nc4 Re6 31. Qa2 Nf6 32. f3 Kg7 33. Qa8 Be7
34. Ra3 Qb7 35. Qxb7 Nxb7 36. Ra7 Nd6 37. Rxe7 Nxb5 38. Rxe6 fxe6 39. Bxc5 Nxc3
40. Nxe5 Ne2+ 41. Kf2 Nf4 42. Bd4 Kh7 43. h4 N4h5 44. g4 Ng7 45. g5 hxg5 46.
Nf7 Nfe8 47. Nxg5+ Kg8 48. Ke3 Kf8 49. Bc5+ Kg8 50. Kd4 Nf6 51. Ke5 Nd7+ 52.
Kd6 Nf8 53. Ke7 Nh5 54. Nxe6 Nh7 55. Bf2 N7f6 56. Ng5 Nh7 57. Nxh7 Kxh7 58. Kf7
Kh6 59. Be3+ Kh7 60. e5 Ng7 61. e6 Nf5 62. Bf4 g5 63. hxg5 1-0